| 000 | 00692cab a2200253 4500 | ||
|---|---|---|---|
| 001 | WB3425-19 | ||
| 008 | 090401t1998 xxu||||| |||| 00| 0 eng d | ||
| 035 | _a(Sirsi) u87133 | ||
| 041 | _aeng | ||
| 245 | _aElectromagnetic safety plans | ||
| 260 | _c1998 | ||
| 350 | _a0 | ||
| 490 |
_aThe week in Europe _v25 June 1998, 1(1) |
||
| 520 | _aA proposal has been put forward on exposure limits for electromagnetic radiation. | ||
| 650 | _aELECTRICAL EQUIPMENT | ||
| 650 | _aELECTROMAGNETIC RADIATION | ||
| 650 | _aEXPOSURE | ||
| 650 | _aHEALTH HAZARDS | ||
| 650 | _aMOBILE PHONES | ||
| 650 | _aPOWER LINES | ||
| 690 | _aECONOMIC AND SOCIAL | ||
| 942 | _n0 | ||
| 948 | _c01/07/1998 | ||
| 999 |
_c54923 _d54923 |
||